000 00752nam a2200217 a 4500
001 65358
003 BD-RjUL
005 20211209081419.0
008 170305s1973 bg |||| |||| 000 0 ben d
035 _a(BD-RjUL)65488
040 _aBD-RjUL
_beng
_cBD-RjUL
041 _aeng
082 _223
_a956.94
_bBEP 1973
100 _aবেদুইন.
_9193431
245 _aপ্যালেস্টাইন কমান্ডো ও আরাফাৎ /
_cবেদুইন.
260 _aকলিকাতা-৯ :
_bপূর্বাচল,
_c১৯৭৩.
300 _a২৪৬ পৃ. ;
_c২২ সে. মি.
651 _aফিলিস্তিন
_vইতিহাস
_9193432
651 _aPalestine
_vHistory
_9193433
942 _2ddc
_cBK
999 _c65358
_d65358